|
|
|
|
| LEADER |
00000nam a2200000 a 4500 |
| 001 |
vtls009303003 |
| 003 |
SK-MaSNL |
| 005 |
20260331204656.0 |
| 008 |
080611s2000 xo f am 000 0 slo |
| 015 |
|
|
|a SNBA2013/09
|
| 020 |
|
|
|a (brož.)
|
| 040 |
|
|
|a SNK
|b slo
|c SNK
|e AACR2
|
| 041 |
0 |
|
|a slo
|b eng
|b rus
|
| 043 |
|
|
|a e-xo---
|a e-bu---
|
| 044 |
|
|
|a xo
|c SK
|
| 072 |
|
7 |
|a 316.7
|x Sociológia kultúry. Kultúrny život
|2 konspekt
|
| 080 |
|
|
|a 821.162.4
|2 2001
|
| 080 |
|
|
|a 821.163.2
|2 2001
|
| 080 |
|
|
|a 82.091
|2 2001
|
| 080 |
|
|
|a 316.72/.75
|2 2001
|
| 080 |
|
|
|a (437.6)
|2 2001
|
| 080 |
|
|
|a (497.2)
|2 2001
|
| 080 |
|
|
|a (043.3)378.245
|2 2001
|
| 080 |
|
|
|a (048.3)
|2 2001
|
| 100 |
1 |
|
|a Koška, Ján,
|d 1936-2006
|4 dis
|9 87498
|
| 245 |
1 |
0 |
|a Slovensko-bulharské literárne vzťahy (1826-1989)
|b autoreferát dizertácie na získanie vedeckej hodnosti doktora vied o umení
|c Ján Koška
|
| 250 |
|
|
|a [1. vyd.]
|
| 260 |
|
|
|a Bratislava
|b [Slovenská akadémia vied]
|c 2000
|
| 300 |
|
|
|a 30 s.
|c 21 cm
|
| 500 |
|
|
|a Číslo a názov vedného odboru 81-04-9 slavistika - slovanské literatúry
|
| 502 |
|
|
|a Autoreferát dizertácie (DrSc.)--Slovenská akadémia vied - Ústav svetovej literatúry, Bratislava
|
| 504 |
|
|
|a Bibliografia s. 19-20
|
| 546 |
|
|
|a Res. angl. a rus.
|
| 648 |
|
7 |
|a 1826-1989
|2 SNKPH
|9 503036
|
| 650 |
0 |
7 |
|a slovenská literatúra
|2 SNKPH
|9 1115
|
| 650 |
0 |
7 |
|a bulharská literatúra
|2 SNKPH
|9 1476
|
| 650 |
0 |
7 |
|a literárne vplyvy
|2 SNKPH
|9 66548
|
| 650 |
0 |
7 |
|a kultúrne vzťahy
|2 SNKPH
|9 3851
|
| 651 |
|
7 |
|a Slovensko
|2 SNKPH
|9 14231
|
| 651 |
|
7 |
|a Bulharsko
|2 SNKPH
|9 20172
|
| 655 |
|
7 |
|a doktorské dizertácie
|2 SNKPH
|9 121192
|
| 655 |
|
7 |
|a autoreferáty
|2 SNKPH
|9 70546
|
| 999 |
|
|
|c 777421
|d 779351
|
| 952 |
|
|
|a SNK
|b SNK
|y PREZ
|7 0
|p 17A0575140
|o snkOSC 24451
|i snk2008/12369
|8 1
|0 0
|1 0
|4 0
|d 2008-06-11
|l 0
|r 2026-02-24 00:54:09
|w 2026-02-24
|